Introduction to perturbation methods (رقم التسجيلة. 33198)

تفاصيل مارك
000 -الفاتح
حقل البيانات ثابتة الطول 01584cam a22003737a 4500
001 - رقم الضبط
رقم الضبط 10311034
003 - محدد رقم الضبط
رقم الضبط OSt
005 - وقت وتاريخ اخر تعامل مع التسجيلة
رقم الضبط 20150408114204.0
006 - عناصر البيانات ثابتة الطول - خصائص المادة الاضافية-معلومات عامة
حقل البيانات ثابتة الطول m d
007 - الحقل الثابت للوصف المادى- معلومات عامة
حقل البيانات ثابتة الطول cr n
008 - عناصر البيانات ثابتة الطول - معلومات عامة
حقل البيانات ثابتة الطول 121005s2013 nyua sb 001 0 eng d
020 ## - الرقم الدولى المعيارى للكتب
الرقم الدولى المعيارى للكتاب 9781461454762 (alk. paper)
020 ## - الرقم الدولى المعيارى للكتب
الرقم الدولى المعيارى للكتاب 146145476X (alk. paper)
020 ## - الرقم الدولى المعيارى للكتب
الرقم الدولى المعيارى للكتاب الملغى /الخاطئ 9781461454779 (ebk.)
035 ## - رقم ضبط النظام
رقم ضبط النظام (WaSeSS)ssj0000870727
040 ## - مصدر الفهرسة
وكالة الفهرسة الأصلية IND
وكالة النسخ IND
وكالة التعديل YDXCP
-- IXA
-- DLC
-- WaSeSS
050 #4 - رقم طلب مكتبة الكونجرس
رقم التصنيف QA871
رقم المادة .H74 2013
082 ## - رقم تصنيف ديوى العشرى
رقم الطبعة 23
رقم التصنيف 515.35
رقم المادة HMI
100 1# - المدخل الرئيسى - إسم شخصى
الإسم الشخصى Holmes, Mark H.
9 (RLIN) 42218
210 10 - العنوان المختصر
العنوان المختصر Introduction to perturbation methods
245 10 - بيان العنوان
العنوان Introduction to perturbation methods
الوسيط [electronic resource] /
بيان المسئوليه,etc Mark H. Holmes.
250 ## - بيان الطبعة
بيان الطبعة 2nd ed.
260 ## - PUBLICATION, DISTRIBUTION, ETC. (IMPRINT)
مكان الناشر او الموزع New York :
اسم الناشر او الموزع Springer,
تاريخ النشر أو التوزيع c2013.
490 1# - بيان السلسلة
عنوان السلسلة Texts in applied mathematics,
الرقم الدولى المعيارى للدوريات 0939-2475 ;
رقم المجلد/ التعيين التسلسلي 20
504 ## - تبصرة ببليوجرافية
تبصرة ببليوجرافية,الخ Includes bibliographical references (p. 421-432) and index.
505 00 - تبصرة محتويات-الفهرس
العنوان Introduction to Asymptotic Approximations --
-- Matched Asymptotic Expansions --
-- Multiple Scales --
-- The WKB and Related Methods --
-- The Method of Homogenization --
-- Introduction to Bifurcation and Stability.
506 ## - تبصرة قيود الاتاحة
قيود الإتاحة License restrictions may limit access.
650 #0 - المدخل الاضافى بالموضوع-مصطلح موضوعى
مصطلح موضوعي أو اسم جغرافي كعنصر مدخل Perturbation (Mathematics)
9 (RLIN) 8858
773 #0 - مدخل المادة المضيفة
العنوان SpringerLink ebooks - Mathematics and Statistics (2013)
830 #0 - المدخل الاضافى بالسلسلة -عنوان موحد
عنوان موحد Texts in applied mathematics ;
رقم المجلد/ التعيين التسلسلي 20.
9 (RLIN) 42219
856 40 - الوصول و الموقع الالكترونى
معرف المصدر الموحد <a href="http://www.columbia.edu/cgi-bin/cul/resolve?clio10311034">http://www.columbia.edu/cgi-bin/cul/resolve?clio10311034</a>
تبصرة عامة Full text available from SpringerLink ebooks - Mathematics and Statistics (2013)
910 ## - بيانات اختيارية للمستخدم
User-option data Library of Congress record
942 ## - عناصر المدخل الإضافي( كوها)
مصدر التصنيف او مخطط الترفيف Dewey Decimal Classification
Koha [default] item type DVD
المقتنيات
حالة الفقد نموذج السعر الفعال حالة تلف ليس للاعارة رقم الطلب تاريخ الاكتساب الموقع الحالي الفرع الرئيسي Date last seen نوع المادة فى نظام كوها مصدر التصنيف او خطة الترفيف Total Checkouts
  2014-01-11     515.35 HMI 2014-01-11 المكتبة المركزية بالمجمعة (CL) المكتبة المركزية بالمجمعة (CL) 2014-01-11 كتاب Dewey Decimal Classification